000 00289nam a22001337a 4500
008 171107b xxu||||| |||| 00| 0 eng d
020 _a9780764584565
041 _aeng
080 _a330.322
100 _a63
101 _aINV
245 _aINVESTING ONLINE
_cSINDELL,K
942 _2udc
_cBK
999 _c38135
_d38135